000 00319nam a2200145Ia 4500
100 _aCameron/Alastair
942 _cRB
654 _alubrication theory
245 _aBasic Lubrication theory
260 _bWiley Eastern Limited.
_c1987
082 _a621.89
_bCAM
300 _a256
546 _aENGLISH
999 _c35222
_d35222